| 000 | 00784nam a22002297a 4500 | ||
|---|---|---|---|
| 999 |
_c20042 _d20042 |
||
| 003 | AR-CdUCM | ||
| 008 | 190524b ||||| |||| 00| 0 spa d | ||
| 020 | _a84-329-2607-8 | ||
| 040 |
_aMUNICIPALIDAD PROVINCIAL DEL CUSCO _cBIBLIOTECA MUNICIPAL DEL CUSCO |
||
| 082 |
_a720.9 / _bH59 _23ed. |
||
| 110 |
_aEnciclopedias CEAC del encargado de obras _941925 |
||
| 245 | _aHistoria de la arquitectura / | ||
| 260 |
_aBarcelona : _bCEAC, _c1978. |
||
| 300 |
_a221 páginas _c25 cm. |
||
| 505 | _aContenido: Arquitectura de la antigua Grecia -- Arquitectura de la Roma antigua -- Arquitectura del cristiano primitivo... | ||
| 650 |
_aEpocas _941926 |
||
| 650 |
_aTemplos _932481 |
||
| 650 |
_aTeatros _95321 |
||
| 650 |
_aLa casa _935559 |
||
| 942 |
_2ddc _cLIBROS |
||
| 945 | _aJavier | ||